00852nam a2200193 a 450000100100000000500170001000800410002702000180006804000250008610000360011124500570014726000430020430000210024750000550026895201060032395201060042995201060053599900170064100003804220201002031149.0130312s2011 dr 000 0 spa d a9789945000825 aDO-SdBNPbspacBNPHU1 aLalane González, Oscar96443713aUn lobo entre las ovejas /cOscar Lalane González. aSanto Domingo :bSoto Castillo,c2011. a289 p. ;c24 cm. aIncluye datos biográficos del autor en la solapa 00107-18PDaPDbPDcOId2013-03-12iLF1l0o p38042-10r2020-06-25w2020-06-25yLFPDZNo se presta 00107-18PDaPDbPDcOId2013-03-12iLF1l0o p38042-20r2020-06-25w2020-06-25yLFPDZNo se presta 00107-18PDaPDbPDcOId2013-03-12iLF1l0o p38042-30r2020-06-25w2020-06-25yLFPDZNo se presta c37532d37532